000 00848cam a2200241 4500
001 ABS62679
008 000000n2000 000 0 eng u
035 _a(Sirsi) u107928
100 _aParisotti, M.
245 _aReady for inspection
260 _c2000
490 _aBuilding
_v265(8149) 11 August 2000, 51(1)
520 _aWarns consultants that they should be wary of agreeing to inspection clauses that could make them liable for any defects they have failed to spot. Gives suggestions on how to make appointment terms for inspecting consultants more realistic.
590 _aABS
650 _aCONSTRUCTION PROCESS
650 _aTERMS OF APPOINTMENT
650 _aINSPECTION CLAUSES
650 _aDEFECTS
650 _aCONSULTANTS
650 _aARCHITECTS
690 _aBUILT ENVIRONMENT-BUILDING CONTRACT FORMS
942 _n0
999 _c64467
_d64467